Sistema internazionale - Statistics

Statistiche generali
  • Questo quiz è stato fatto 79 volte
  • Il punteggio medio è 6 su 14
Statistiche sulle risposte
Risposta % Corretto
Ampere
100%
Metri
98%
secondi
84%
Lunghezza
65%
Kelvin
60%
Tempo
50%
Kilogrammi
34%
Massa
32%
Temperatura
21%
Mole
16%
Candele
15%
Corrente elettrica
10%
Quantità di sostanza
6%
Intensità luminosa
5%
Nessun quiz corrispondente trovato
Distribuzione punteggi
Percentuale di utenti per punteggio
Percentile per numero di risposta
I tuoi punteggi nel tempo
Non hai fatto questo quiz